跟阿嬷学做菜:家传食谱&灶脚里的料理智慧

Guardat en:
Dades bibliogràfiques
Autor principal: 好吃编辑部
Format: Llibre
Publicat: 麦浩斯(城邦)
Etiquetes: Afegir etiqueta
Sense etiquetes, Sigues el primer a etiquetar aquest registre!
LEADER 00774cam a22001937a 4500
001 (Sirsi) i9789865932138
005 20190330185428.0
008 190219n xx ||||||||||||||||| |d
020 |a 9789865932138 
040 |a SMLIBRARY  |b eng  |c SMLIBRARY  |e AACR2 
100 |a 好吃编辑部 
245 1 |a 跟阿嬷学做菜:家传食谱&灶脚里的料理智慧 
260 |b 麦浩斯(城邦) 
901 |a 641.5951 GAM  |i TEMP006725  |m SMLIBRARY  |l ADULT  |t BOOK  |p 81.60  |x ADULT  |z ANFIC  |u 22/11/2013 
903 |a SMLNEWITEM 
904 |a 1 
942 |2 ddc  |c BOOK 
952 |0 1  |1 0  |2 ddc  |4 0  |6 641_595100000000000_GAM  |7 0  |8 ADULT | ANFIC  |9 62660  |a SMLIBRARY  |b SMLIBRARY  |c ADULT  |d 2013-11-22  |g 81.60  |l 0  |o 641.5951 GAM  |p BK10028203E  |r 2019-03-30 00:00:00  |t 1  |v 81.60  |w 2019-06-25  |y ADULTBOOK 
999 |c 52527  |d 52527